Groupes de choses : Turquie - Statistiques

Statistiques générales
  • Ce quiz a été pris 139 fois
  • Le résultat moyen est 18 sur 26
Statistiques - réponses
Hint Réponse % Correct
Plus grandes villes Istanbul
95%
Plus grandes villes Ankara
94%
Pays limitrophes Grèce
93%
Pays limitrophes Irak
91%
Pays limitrophes Syrie
91%
Pays limitrophes Iran
89%
Pays limitrophes Arménie
87%
Pays limitrophes Azerbaïdjan
84%
Pays limitrophes Géorgie
83%
Mers qui bordent la Turquie Méditerranée
82%
Mers qui bordent la Turquie Noire
80%
Pays limitrophes Bulgarie
78%
Principaux clubs de foot Galatasaray
76%
Principaux clubs de foot Fenerbahçe
68%
Mers qui bordent la Turquie Égée
65%
Plus grandes villes Izmir
65%
Détroits Bosphore
64%
Principaux clubs de foot Beşiktaş
63%
Plus grandes villes Antalya
53%
Fleuves de Mésopotamie Euphrate
50%
Fleuves de Mésopotamie Tigre
50%
Mers qui bordent la Turquie Marmara
49%
Principales péninsules Anatolie
40%
Plus grandes villes Bursa
36%
Détroits Dardanelles
36%
Principales péninsules Balkans
9%
Aucun quiz correspondant
Distribution des résultats
% des personnes avec chaque résultat
Percentile par nombre de réponses
Votre historique - résultats
Vous n’avez pas pris ce quiz